NHL Players in the 2026 Olympics Hockey by Country - Statistics

General Stats
  • This quiz has been taken 289 times
  • The average score is 68 of 147
Answer Stats
Olympic Team Player NHL Team Position Experience in Olympics % Correct
Canada Connor McDavid Edmonton Oilers F 1st
96%
Canada Nathan MacKinnon Colorado Avalanche F 1st
95%
Canada Macklin Celebrini San Jose Sharks F 1st
91%
Canada Sidney Crosby Pittsburgh Penguins F 3rd 2010, 2014
90%
Canada Cale Makar Colorado Avalanche D 1st
89%
Canada Nick Suzuki Montreal Canadiens F 1st
80%
Canada Seth Jarvis Carolina Hurricanes F 1st
80%
Canada Devon Toews Colorado Avalanche D 1st
76%
USA Jack Hughes New Jersey Devils F 1st
76%
USA Quinn Hughes Minnesota Wild D 1st
76%
USA Tage Thompson Buffalo Sabres F 1st
74%
USA Brady Tkachuk Ottawa Senators F 1st
73%
Canada Jordan Binnington St. Louis Blues G 1st
73%
Canada Logan Thompson Washington Capitals G 1st
73%
USA Matthew Tkachuk Florida Panthers F 1st
73%
Canada Mitch Marner Vegas Golden Knights F 1st
73%
Canada Brad Marchand Florida Panthers F 1st
72%
Finland Sebastian Aho Carolina Hurricanes F 1st
72%
USA Auston Matthews Toronto Maple Leafs F 1st
71%
Germany Leon Draisaitl Edmonton Oilers F 1st
71%
Canada Sam Reinhart Florida Panthers F 1st
71%
Canada Drew Doughty Los Angeles Kings D 3rd 2010, 2014
70%
Canada Mark Stone Vegas Golden Knights F 1st
70%
Canada Sam Bennett Florida Panthers F 1st
70%
Czechia David Pastrnak Boston Bruins F 1st
68%
Canada Tom Wilson Washington Capitals F 1st
66%
Slovakia Juraj Slafkovský Montreal Canadiens F 2nd 2022
64%
Czechia Martin Necas Colorado Avalanche F 1st
64%
Canada Thomas Harley Dallas Stars D 1st
64%
USA Connor Hellebuyck Winnipeg Jets G 1st
63%
Canada Brandon Hagel Tampa Bay Lightning F 1st
62%
Canada Darcy Kuemper Los Angeles Kings G 1st
62%
USA Jack Eichel Vegas Golden Knights F 1st
62%
Finland Mikko Rantanen Dallas Stars F 1st
62%
USA Charlie McAvoy Boston Bruins D 1st
61%
Canada Bo Horvat New York Islanders F 1st
60%
USA Zach Werenski Columbus Blue Jackets D 1st
60%
USA Dylan Larkin Detroit Red Wings F 1st
59%
Czechia Lukas Dostal Anaheim Ducks G 1st
58%
Finland Miro Heiskanen Dallas Stars D 2nd 2018
58%
Canada Josh Morrissey Winnipeg Jets D 1st
57%
Canada Colton Parayko St. Louis Blues D 1st
56%
USA Jeremy Swayman Boston Bruins G 1st
56%
USA Kyle Connor Winnipeg Jets F 1st
56%
Switzerland Roman Josi Nashville Predators D 2nd 2014
56%
Canada Shea Theodore Vegas Golden Knights D 1st
56%
USA Brock Faber Minnesota Wild D 2nd 2022
55%
Sweden Joel Eriksson Ek Minnesota Wild F 1st
55%
Finland Juuse Saros Nashville Predators G 1st
55%
Czechia Radko Gudas Anaheim Ducks D 2nd 2014
55%
USA Clayton Keller Utah Mammoth F 1st
54%
USA Matt Boldy Minnesota Wild F 1st
54%
Sweden Rasmus Dahlin Buffalo Sabres D 2nd 2018
54%
Sweden William Nylander Toronto Maple Leafs F 1st
54%
USA Jake Oettinger Dallas Stars G 1st
53%
Germany Moritz Seider Detroit Red Wings D 1st
53%
Canada Travis Sanheim Philadelphia Flyers D 1st
53%
Sweden Filip Forsberg Nashville Predators F 1st
52%
Germany Tim Stützle Ottawa Senators F 1st
52%
Sweden Erik Karlsson Pittsburgh Penguins D 2nd 2014
51%
USA Jaccob Slavin Carolina Hurricanes D 1st
51%
USA J.T. Miller New York Rangers F 1st
51%
Switzerland Nico Hischier New Jersey Devils F 1st
51%
USA Brock Nelson Colorado Avalanche F 1st
50%
Switzerland Kevin Fiala Los Angeles Kings F 1st
50%
Sweden Elias Pettersson Vancouver Canucks F 1st
48%
USA Jake Guentzel Tampa Bay Lightning F 1st
48%
Finland Roope Hintz Dallas Stars F 1st
48%
USA Vincent Trocheck New York Rangers F 1st
48%
Sweden Adrian Kempe Los Angeles Kings F 1st
47%
Finland Anton Lundell Florida Panthers F 1st
47%
Sweden Gabriel Landeskog Colorado Avalanche F 2nd 2014
47%
Sweden Mika Zibanejad New York Rangers F 1st
47%
France Alexandre Texier Montreal Canadiens F 1st
46%
Finland Artturi Lehkonen Colorado Avalanche F 1st
46%
USA Jake Sanderson Ottawa Senators D 2nd 2022
46%
Sweden Victor Hedman Tampa Bay Lightning D 1st
46%
Sweden Lucas Raymond Detroit Red Wings F 1st
45%
Denmark Nikolaj Ehlers Carolina Hurricanes F 1st
45%
Sweden Elias Lindholm Boston Bruins F 1st
44%
Finland Esa Lindell Dallas Stars D 1st
44%
Sweden Hampus Lindholm Boston Bruins D 1st
44%
Finland Oliver Kapanen Montreal Canadiens F 1st
44%
Denmark Frederik Andersen Carolina Hurricanes G 1st
43%
Finland Mikael Granlund Anaheim Ducks F 2nd 2014
42%
Germany Philipp Grubauer Seattle Kraken G 1st
42%
Sweden Jesper Bratt New Jersey Devils F 1st
40%
Sweden Jacob Markstrom New Jersey Devils G 1st
39%
Switzerland Timo Meier New Jersey Devils F 1st
39%
Sweden Filip Gustavsson Minnesota Wild G 1st
38%
Sweden Gustav Forsling Florida Panthers D 1st
38%
Finland Joonas Korpisalo Boston Bruins G 1st
38%
Finland Teuvo Teravainen Chicago Blackhawks F 1st
37%
USA Jackson LaCombe Anaheim Ducks D 1st
36%
Czechia Karel Vejmelka Utah Mammoth G 1st
36%
Czechia Filip Hronek Vancouver Canucks D 1st
35%
Sweden Jesper Wallstedt Minnesota Wild G 1st
35%
Finland Kaapo Kakko Seattle Kraken F 1st
35%
Slovakia Simon Nemec New Jersey Devils D 2nd 2022
35%
Sweden Rasmus Andersson Vegas Golden Knights D 1st
34%
Czechia Dan Vladar Philadelphia Flyers G 1st
33%
USA Noah Hanifin Vegas Golden Knights D 1st
33%
Czechia Tomas Hertl Vegas Golden Knights F 1st
33%
Finland Eetu Luostarinen Florida Panthers F 1st
32%
Finland Joel Armia Los Angeles Kings F 1st
32%
Finland Niko Mikkola Florida Panthers D 1st
32%
Sweden Oliver Ekman-Larsson Toronto Maple Leafs D 2nd 2014
32%
Finland Rasmus Ristolainen Philadelphia Flyers D 1st
32%
Latvia Elvis Merzlikins Columbus Blue Jackets G 1st
31%
Slovakia Erik Cernak Tampa Bay Lightning D 1st
31%
Switzerland J.J. Moser Tampa Bay Lightning D 1st
30%
Germany JJ Peterka Utah Mammoth F 1st
30%
Denmark Lars Eller Ottawa Senators F 1st
29%
Switzerland Nino Niederreiter Winnipeg Jets F 2nd 2014
29%
Sweden Rickard Rakell Pittsburgh Penguins F 1st
29%
Finland Kevin Lankinen Vancouver Canucks G 1st
28%
Latvia Arturs Silovs Pittsburgh Penguins G 1st
27%
Finland Eeli Tolvanen Seattle Kraken F 2nd 2018
27%
Finland Erik Haula Nashville Predators F 1st
27%
Finland Henri Jokiharju Boston Bruins D 1st
27%
Denmark Oliver Bjorkstrand Tampa Bay Lightning F 1st
27%
Czechia Ondrej Palat New York Islanders F 2nd 2014
27%
Finland Olli Määttä Utah Mammoth D 2nd 2014
26%
Slovakia Dalibor Dvorsky St. Louis Blues F 1st
25%
Switzerland Jonas Siegenthaler New Jersey Devils D 1st
25%
Germany Nico Sturm Minnesota Wild F 1st
25%
Czechia Radek Faksa Dallas Stars F 1st
25%
Sweden Alexander Wennberg San Jose Sharks F 1st
24%
Finland Joel Kiviranta Colorado Avalanche F 1st
24%
Finland Nikolas Matinpalo Ottawa Senators D 1st
24%
Latvia Zemgus Girgensons Tampa Bay Lightning F 2nd 2014
24%
Switzerland Akira Schmid Vegas Golden Knights G 1st
22%
Sweden Marcus Johansson Minnesota Wild F 2nd 2014
21%
Slovakia Martin Fehervary Washington Capitals D 1st
21%
Slovakia Martin Pospisil Calgary Flames F 1st
21%
Slovakia Pavol Regenda San Jose Sharks F 2nd 2022
20%
Latvia Uvis Balinskis Florida Panthers D 2nd 2022
20%
Sweden Philip Broberg St. Louis Blues D 1st
19%
Switzerland Pius Suter St. Louis Blues F 2nd 2018
18%
Switzerland Philipp Kurashev San Jose Sharks F 1st
17%
Denmark Mads Sogaard Ottawa Senators G 1st
16%
Sweden Pontus Holmberg Tampa Bay Lightning F 2nd 2022
16%
Germany Josh Samanski Edmonton Oilers F 1st
14%
Latvia Teddy Blueger Vancouver Canucks F 1st
14%
Czechia David Kampf Vancouver Canucks F 1st
12%
Denmark Oscar Fisker Molgaard Seattle Kraken F 1st
6%
Latvia Sandis Vilmanis Florida Panthers F 1st
5%
No matching quizzes found
Score Distribution
Percent of People with Each Score
Percentile by Number Answered
Your Score History
You have not taken this quiz